El violin de Patrick / (Record no. 28380)
[ view plain ]
| 000 -LEADER | |
|---|---|
| fixed length control field | 00565nam a22002177a 4500 |
| 001 - CONTROL NUMBER | |
| control field | sjds |
| 003 - CONTROL NUMBER IDENTIFIER | |
| control field | sjds |
| 005 - DATE AND TIME OF LATEST TRANSACTION | |
| control field | 20231021203619.0 |
| 008 - FIXED-LENGTH DATA ELEMENTS--GENERAL INFORMATION | |
| fixed length control field | 231021b |||||||| |||| 00| 0 spa d |
| 020 ## - INTERNATIONAL STANDARD BOOK NUMBER | |
| International Standard Book Number | 9788447800445 |
| 020 ## - INTERNATIONAL STANDARD BOOK NUMBER | |
| International Standard Book Number | 844780044X |
| 040 ## - CATALOGING SOURCE | |
| Transcribing agency | sjds |
| 041 ## - LANGUAGE CODE | |
| Language code of text/sound track or separate title | spa |
| 100 10 - MAIN ENTRY--PERSONAL NAME | |
| Personal name | Blake, Quentin. |
| 245 13 - TITLE STATEMENT | |
| Title | El violin de Patrick / |
| Statement of responsibility, etc. | Quentin Blake |
| 246 ## - VARYING FORM OF TITLE | |
| Title proper/short title | El violin de Patrick |
| 260 ## - PUBLICATION, DISTRIBUTION, ETC. (IMPRINT) | |
| Place of publication, distribution, etc. | Barcelona : |
| Name of publisher, distributor, etc. | El Arca de Junior, |
| Date of publication, distribution, etc. | c1993. |
| 300 ## - PHYSICAL DESCRIPTION | |
| Extent | 1 volume (unpaged) : |
| Other physical details | color illustrations ; |
| Dimensions | 27 cm |
| 440 ## - SERIES STATEMENT/ADDED ENTRY--TITLE | |
| Title | Ciempies |
| 942 ## - ADDED ENTRY ELEMENTS (KOHA) | |
| Koha item type | Libro/Book |
| Withdrawn status | Lost status | Damaged status | Not for loan | Home library | Current library | Shelving location | Date acquired | Total Checkouts | Total Renewals | Full call number | Barcode | Checked out | Date last seen | Date checked out | Price effective from | Koha item type | Inventory number |
|---|---|---|---|---|---|---|---|---|---|---|---|---|---|---|---|---|---|
| San Juan Del Sur -- Biblioteca | San Juan Del Sur -- Biblioteca | Children's Area | 21/10/2023 | JI ESPANOL | 30030939 | 21/10/2023 | 21/10/2023 | Libro/Book | Inventory date: 15-5-25 | ||||||||
| San Juan Del Sur -- Biblioteca | Torovenado | Children's Area | 21/10/2023 | 4 | 1 | JI ESPANOL | 33017559 | 13/08/2024 | 09/07/2024 | 09/07/2024 | 21/10/2023 | Libro/Book |